[Event "DEM U10/U10w 2004"]
[Site "Willingen GER"]
[Date "2004.05.31"]
[Round "3"]
[White "Bialas, Daniel"]
[Black "Priese, Franziska"]
[Result "1-0"]
[Termination "normal"]
[Board "41"]
[WhiteElo "982"]
[BlackElo "711"]
[PlyCount "110"]
[EventCountry "GER"]
[EventRounds "11"]
[EventType "swiss"]
[EventDate "2004.05.29"]

1. e4 e5 2. Nf3 Nc6 3. Bc4 Bc5 4. c3 Nf6 5. d4 Bd6 6. Bg5 h6 7. Bh4 Be7 8. Qd3
d5 9. Bxf6 Bxf6 10. Bxd5 Bg4 11. h3 O-O 12. hxg4 Bg5 13. Nxg5 Qxg5 14. Bxc6
bxc6 15. Qe3 Qxg4 16. Qf3 Qg5 17. Nd2 Rab8 18. Rh5 Qe7 19. Nb3 a5 20. Rb1 a4
21. Nc5 a3 22. b3 Qd8 23. Qg4 exd4 24. Nd7 Re8 25. Nxb8 dxc3 26. Qd7 Qxb8 27.
Rc5 Rxe4+ 28. Kf1 Qa8 29. Rxc3 Qa6+ 30. Qd3 Qxd3+ 31. Rxd3 Rh4 32. Rh3 Rf4 33.
Rc1 Rd4 34. b4 Rxb4 35. Rxa3 Rb2 36. Ra8+ Kh7 37. Ra1 c5 38. Rc8 Rc2 39. Rxc7
c4 40. a4 c3 41. a5 Rd2 42. Rxc3 Rd8 43. a6 Ra8 44. a7 h5 45. Rb3 h4 46. Rb8
Rxa7 47. Rxa7 Kg6 48. Ra4 Kf5 49. Rbb4 Ke5 50. Rxh4 g5 51. Ra5+ Ke6 52. Rxg5 f6
53. Rg6 Ke5 54. Rxf6 Kxf6 55. Rh5 55... Ke6 {es folgte 56.Kh2 Kf6 57.Kg3 Kg6
58.Ta5 Kf6 59.Kf4 Ke6 60.Tb5 Kd6 61.Ke4 Kc6 62.Th5 Kd6 63.Tg5 Ke6 64.Tg6+ Kf7
65.Ta6 Ke7 66.Kd5 Kf7 67.Ke5 Kg7 68.Kf5 Kh7 69.Kg5 Kg7 70.Ta7+ Kf8 71.Kg6 Ke8
72.Kf6 Kd8 73.Ke6 Kc8 74.Kd6 Kb8 75.Th7 Ka8 76.Kc6 Kb8 77.Tg7 Ka8 78.Kb6 Kb8
79.Tg8#} 1-0

[Event "DEM U10/U10w 2004"]
[Site "Willingen GER"]
[Date "2004.05.31"]
[Round "4"]
[White "Osmanodja, Bilgin"]
[Black "Noe, Christopher"]
[Result "0-1"]
[Termination "normal"]
[Board "1"]
[WhiteElo "1388"]
[BlackElo "1552"]
[PlyCount "52"]
[BlackFideId "24692018"]
[EventCountry "GER"]
[EventRounds "11"]
[EventType "swiss"]
[EventDate "2004.05.29"]

1. e4 c5 2. Nf3 e6 3. d4 cxd4 4. Nxd4 Bc5 5. Nb3 Bb6 6. Nc3 Nc6 7. Bf4 Nge7 8.
Nb5 d5 9. Nd6+ Kf8 10. Nxc8 Rxc8 11. exd5 Nxd5 12. Bg3 h5 13. h4 Bc7 14. Bxc7
Qxc7 15. Be2 Qe5 16. c3 Nf4 17. g3 Rd8 18. Qc2 Nd3+ 19. Kf1 Qe4 20. f3 Qe3 21.
Rh2 Rh6 22. Rd1 Rf6 23. Nd2 Nce5 24. Kg2 Qxe2+ 25. Kh3 Nf2+ 26. Rxf2 Qxf2 0-1

[Event "DEM U10/U10w 2004"]
[Site "Willingen GER"]
[Date "2004.05.31"]
[Round "4"]
[White "Kaphle, Sebastian"]
[Black "Ma, Beini"]
[Result "0-1"]
[Termination "normal"]
[Board "2"]
[WhiteElo "1454"]
[BlackElo "1312"]
[PlyCount "108"]
[WhiteFideId "24626708"]
[BlackFideId "24630101"]
[EventCountry "GER"]
[EventRounds "11"]
[EventType "swiss"]
[EventDate "2004.05.29"]

1. e4 c5 2. Nf3 d6 3. d4 cxd4 4. Nxd4 Nf6 5. Nc3 g6 6. Bc4 Bg7 7. O-O O-O 8. f3
Qb6 9. Na4 Qc7 10. Bb3 a6 11. Nc3 b5 12. Be3 Bb7 13. Qd2 Rd8 14. Rfd1 Nc6 15.
Qf2 Ne5 16. Nb1 d5 17. exd5 Bxd5 18. Nc3 Bxb3 19. axb3 Neg4 20. fxg4 Nxg4 21.
Qf3 Qxh2+ 22. Kf1 Nxe3+ 23. Qxe3 Qh1+ 24. Kf2 Qh4+ 25. g3 Qxd4 26. Qxd4 Bxd4+
27. Kf3 Bxc3 28. bxc3 f5 29. Rxa6 Rxa6 30. Rxd8+ Kf7 31. Rb8 Rc6 32. Rxb5 Rxc3+
33. Kf4 Rxc2 34. b4 Rc4+ 35. Ke5 Rg4 36. Rb8 Rxg3 37. b5 Rb3 38. b6 h5 39. b7
h4 40. Kd5 g5 41. Kc6 g4 42. Rh8 h3 43. b8=Q Rxb8 44. Rxb8 h2 45. Rh8 g3 46.
Rh7+ Kg6 47. Rxe7 h1=Q+ 48. Kd6 g2 49. Re6+ Kg5 50. Ke7 g1=Q 51. Kd6 Qb6+ 52.
Kd7 Qh7+ 53. Re7 Qb7+ 54. Kd6 Qhxe7# 0-1

[Event "DEM U10/U10w 2004"]
[Site "Willingen GER"]
[Date "2004.05.31"]
[Round "4"]
[White "Bräuer, Franz"]
[Black "Mertens, Fridolin"]
[Result "1/2-1/2"]
[Termination "normal"]
[Board "3"]
[WhiteElo "1357"]
[BlackElo "1449"]
[PlyCount "59"]
[WhiteFideId "24634468"]
[BlackFideId "24671940"]
[EventCountry "GER"]
[EventRounds "11"]
[EventType "swiss"]
[EventDate "2004.05.29"]

1. e4 c5 2. Nf3 d6 3. Bb5+ Bd7 4. Bxd7+ Nxd7 5. c4 Ngf6 6. Nc3 e6 7. O-O Be7 8.
d4 cxd4 9. Nxd4 O-O 10. b3 Nc5 11. Re1 Re8 12. Bb2 Nfd7 13. Nf3 Qc7 14. Qd2
Rad8 15. Rad1 Ne5 16. Nxe5 dxe5 17. Qe2 Rd7 18. Nb5 Qb8 19. Rxd7 Nxd7 20. Rd1
Nb6 21. Rd3 a6 22. Na3 Rd8 23. Qd1 Rxd3 24. Qxd3 Qc7 25. Nc2 f6 26. Ne1 Qd7 27.
Qxd7 Nxd7 28. Nd3 Kf7 29. g3 Kg6 30. f4 1/2-1/2

[Event "DEM U10/U10w 2004"]
[Site "Willingen GER"]
[Date "2004.05.31"]
[Round "4"]
[White "Boos, Philipp"]
[Black "Marquardt, Patrick"]
[Result "1-0"]
[Termination "normal"]
[Board "4"]
[WhiteElo "1442"]
[BlackElo "1269"]
[PlyCount "67"]
[BlackFideId "4670086"]
[EventCountry "GER"]
[EventRounds "11"]
[EventType "swiss"]
[EventDate "2004.05.29"]

1. d4 d5 2. c4 e6 3. Nc3 Nf6 4. cxd5 exd5 5. Bg5 Be7 6. e3 O-O 7. Bd3 Nc6 8.
Nge2 Bg4 9. f3 Be6 10. O-O h6 11. Bxf6 Bxf6 12. Rc1 Bg5 13. f4 Be7 14. Bb1 f5
15. a3 Rf6 16. Ng3 Qd7 17. Qc2 Raf8 18. Na4 Rg6 19. Nc5 Bxc5 20. Qxc5 Rg4 21.
Qb5 Rb8 22. Rc3 a6 23. Qb3 Na5 24. Qc2 Rf8 25. Rxc7 Qb5 26. Rc5 Qb6 27. Rc3 Rf6
28. Qe2 Rfg6 29. Rf2 Rf6 30. Nxf5 h5 31. Ng3 g6 32. f5 Bd7 33. fxg6 Rfxg6 34.
Bxg6 1-0

[Event "DEM U10/U10w 2004"]
[Site "Willingen GER"]
[Date "2004.05.31"]
[Round "4"]
[White "Osmanodja, Filiz"]
[Black "Kotainy, Jens"]
[Result "1/2-1/2"]
[Termination "normal"]
[Board "5"]
[WhiteElo "1219"]
[BlackElo "1492"]
[PlyCount "67"]
[WhiteFideId "24633569"]
[BlackFideId "24670499"]
[EventCountry "GER"]
[EventRounds "11"]
[EventType "swiss"]
[EventDate "2004.05.29"]

1. e4 c5 2. Nf3 Nc6 3. d4 cxd4 4. Nxd4 Nf6 5. Nc3 e5 6. Ndb5 d6 7. Nd5 Nxd5 8.
Qxd5 a6 9. Nc3 Be6 10. Qd1 g6 11. Be3 Bg7 12. Qd2 h6 13. Be2 b5 14. Nd5 Bxd5
15. Qxd5 Qc7 16. Qd2 Ne7 17. O-O g5 18. c3 O-O 19. h4 f6 20. Kh2 Qc6 21. f3 d5
22. Bd3 Rad8 23. hxg5 fxg5 24. Qc1 d4 25. cxd4 exd4 26. Bd2 Qd6+ 27. Kg1 Be5
28. Ba5 Bf4 29. Qc2 Be3+ 30. Kh1 Rc8 31. Qb3+ Kh8 32. Rae1 Qf4 33. Rxe3 dxe3
34. Bc3+ 1/2-1/2

[Event "DEM U10/U10w 2004"]
[Site "Willingen GER"]
[Date "2004.05.31"]
[Round "4"]
[White "Lindner, Robert"]
[Black "Friedrich, Wiede"]
[Result "1/2-1/2"]
[Termination "normal"]
[Board "6"]
[WhiteElo "1274"]
[BlackElo "1436"]
[PlyCount "72"]
[WhiteFideId "24658847"]
[BlackFideId "24629537"]
[EventCountry "GER"]
[EventRounds "11"]
[EventType "swiss"]
[EventDate "2004.05.29"]

1. e4 c6 2. d4 d5 3. Nc3 dxe4 4. Nxe4 Nd7 5. Nf3 Ndf6 6. Nxf6+ Nxf6 7. Bd3 Bg4
8. c3 e6 9. Bf4 Bd6 10. Bxd6 Qxd6 11. Qe2 O-O 12. h3 Bxf3 13. Qxf3 Rfd8 14. O-O
Rd7 15. Rfe1 c5 16. Bb5 Rdd8 17. dxc5 Qxc5 18. Qxb7 Rab8 19. Rad1 Nd5 20. Qa6
Rxb5 21. b4 Qb6 22. Qxb6 Rxb6 23. c4 Rbd6 24. cxd5 g6 25. Rc1 Rxd5 26. Rc7 R8d7
27. Rec1 Rd1+ 28. Kh2 Kg7 29. Rxa7 Rxa7 30. Rxd1 Rxa2 31. f3 Rb2 32. Rd4 Kf6
33. Kg3 h5 34. h4 Ke5 35. Rf4 f5 36. Rc4 Rb3 1/2-1/2

[Event "DEM U10/U10w 2004"]
[Site "Willingen GER"]
[Date "2004.05.31"]
[Round "4"]
[White "Zimmermann, Gordon"]
[Black "Babayev, Ramil"]
[Result "1-0"]
[Termination "normal"]
[Board "7"]
[WhiteElo "1562"]
[BlackElo "1382"]
[PlyCount "75"]
[WhiteFideId "24624330"]
[BlackFideId "24664243"]
[EventCountry "GER"]
[EventRounds "11"]
[EventType "swiss"]
[EventDate "2004.05.29"]

1. e4 e6 2. d4 d5 3. Nd2 dxe4 4. Nxe4 Nf6 5. Nxf6+ Qxf6 6. Nf3 Qd8 7. Bd3 Nc6
8. Be3 Bd6 9. Qe2 O-O 10. O-O Re8 11. Rad1 a6 12. c3 f6 13. Rfe1 f5 14. Bg5 Be7
15. Bxe7 Qxe7 16. Qc2 Qf6 17. Bxf5 g6 18. Bd3 Bd7 19. Qe2 a5 20. Ne5 Nxe5 21.
Qxe5 Qxe5 22. Rxe5 a4 23. Rde1 a3 24. b3 Rac8 25. Bc4 Kf7 26. d5 exd5 27. Bxd5+
Kf6 28. Rxe8 Rxe8 29. Rxe8 Bxe8 30. Bxb7 Bd7 31. Kf1 Bf5 32. Bd5 Ke5 33. Bc4 h5
34. Ke2 g5 35. Bd3 Be6 36. Ke3 Bd5 37. f3 c6 38. h4 1-0

[Event "DEM U10/U10w 2004"]
[Site "Willingen GER"]
[Date "2004.05.31"]
[Round "4"]
[White "Gisy, Roberto"]
[Black "Wang, Zhangxian"]
[Result "0-1"]
[Termination "normal"]
[Board "8"]
[WhiteElo "1229"]
[BlackElo "1598"]
[PlyCount "146"]
[EventCountry "GER"]
[EventRounds "11"]
[EventType "swiss"]
[EventDate "2004.05.29"]

1. e4 c6 2. f4 d5 3. e5 Bf5 4. Nf3 e6 5. g3 Nd7 6. Bg2 Qb6 7. d3 O-O-O 8. b3
Ne7 9. h3 h6 10. g4 Bh7 11. Qe2 c5 12. O-O Nc6 13. Kh1 Be7 14. Be3 Qc7 15. Nbd2
Nb4 16. Qd1 f6 17. a3 Nc6 18. exf6 Bxf6 19. Rb1 d4 20. Bg1 Nb6 21. Bh2 Nd5 22.
Qe1 Rhe8 23. f5 e5 24. Qf2 Ne3 25. Rfc1 Qf7 26. Nc4 Nd5 27. Re1 Qc7 28. Nfd2
Nc3 29. Rb2 b5 30. Bxc6 Qxc6+ 31. Kg1 bxc4 32. bxc4 Rd7 33. Bg3 Rb7 34. Nb3 e4
35. Na5 e3 36. Qh2 Qa6 37. Nxb7 Na4 38. Nxc5 Nxc5 39. Bb8 Qa5 40. Rf1 e2 41.
Rbb1 e1=Q 42. Rbxe1 Rxe1 43. Qf2 Rxf1+ 44. Qxf1 Kxb8 45. Qf4+ Qc7 46. Qf3 Be5
47. Qd5 Bh2+ 48. Kh1 Qb7 49. Qxb7+ Kxb7 50. Kxh2 g6 51. fxg6 Bxg6 52. Kg3 Ka6
53. Kf4 Ka5 54. Ke5 Ka4 55. Kxd4 Nd7 56. Kd5 Kxa3 57. c5 Kb4 58. c6 Nb6+ 59.
Kd6 a5 60. Kc7 Kc5 61. d4+ Kb5 62. c3 a4 63. Kb7 a3 64. c4+ Nxc4 65. d5 a2 66.
c7 a1=Q 67. c8=Q Nd6+ 68. Kc7 Qc3+ 69. Kxd6 Qxc8 70. g5 Qd8+ 71. Ke6 Kc5 72.
gxh6 Qxd5+ 73. Ke7 Qd6# 0-1

[Event "DEM U10/U10w 2004"]
[Site "Willingen GER"]
[Date "2004.05.31"]
[Round "4"]
[White "Wittke, Rene"]
[Black "Leach, Julien"]
[Result "1-0"]
[Termination "normal"]
[Board "9"]
[WhiteElo "1523"]
[BlackElo "1232"]
[PlyCount "71"]
[WhiteFideId "24640255"]
[EventCountry "GER"]
[EventRounds "11"]
[EventType "swiss"]
[EventDate "2004.05.29"]

1. e4 c5 2. c3 d6 3. d4 cxd4 4. cxd4 Nf6 5. Nc3 a6 6. Nf3 e6 7. Bd3 Be7 8. O-O
O-O 9. Be3 b5 10. e5 dxe5 11. dxe5 Nfd7 12. Be4 Qc7 13. Bxa8 Nxe5 14. Bf4 Nbd7
15. Re1 Nxf3+ 16. Qxf3 Bd6 17. Bxd6 Qxd6 18. Rad1 Qe7 19. Bc6 Rd8 20. Bxd7 Rxd7
21. Rxd7 Qxd7 22. Qd1 Kf8 23. Qxd7 Bxd7 24. f3 Ke7 25. Kf2 g6 26. Ke3 f5 27.
Kd4 Kd6 28. f4 h6 29. Rc1 h5 30. Nd1 Bc6 31. g3 Bd5 32. Nf2 Bxa2 33. Ra1 Bd5
34. Rxa6+ Bc6 35. Nd3 Kd7 36. Ne5+ 1-0

[Event "DEM U10/U10w 2004"]
[Site "Willingen GER"]
[Date "2004.05.31"]
[Round "4"]
[White "Dünzel, Jonas"]
[Black "Ohnesorg, Felix"]
[Result "1-0"]
[Termination "normal"]
[Board "10"]
[WhiteElo "1433"]
[BlackElo "1226"]
[PlyCount "47"]
[WhiteFideId "24631167"]
[BlackFideId "24653578"]
[EventCountry "GER"]
[EventRounds "11"]
[EventType "swiss"]
[EventDate "2004.05.29"]

1. e4 c5 2. Nf3 Nc6 3. d4 cxd4 4. Nxd4 Nf6 5. Nxc6 bxc6 6. Bd3 e6 7. O-O Bc5 8.
b3 d5 9. exd5 cxd5 10. Bb2 O-O 11. Qf3 Be7 12. c4 Ba6 13. Rd1 Bb7 14. Nc3 Qd7
15. cxd5 Bxd5 16. Nxd5 Nxd5 17. Be4 Rad8 18. Qh5 g6 19. Qh6 f6 20. Bxg6 hxg6
21. Qxg6+ Kh8 22. Rd4 Nf4 23. Qh6+ Kg8 24. Qxf4 1-0

[Event "DEM U10/U10w 2004"]
[Site "Willingen GER"]
[Date "2004.05.31"]
[Round "4"]
[White "Ohnmacht, Simon"]
[Black "Rafayevych, Vilen"]
[Result "1-0"]
[Termination "normal"]
[Board "11"]
[WhiteElo "1208"]
[BlackElo "1425"]
[PlyCount "105"]
[WhiteFideId "24672980"]
[BlackFideId "24673897"]
[EventCountry "GER"]
[EventRounds "11"]
[EventType "swiss"]
[EventDate "2004.05.29"]

1. e4 d5 2. exd5 Qxd5 3. Nc3 Qa5 4. Nf3 Nf6 5. d4 c6 6. Bc4 Bg4 7. Bd2 Qc7 8.
h3 Bh5 9. g4 Bg6 10. Ne5 e6 11. Bf4 Bd6 12. a4 Ne4 13. f3 Nxc3 14. bxc3 h6 15.
Nxg6 fxg6 16. Bxd6 Qxd6 17. Qe2 Ke7 18. f4 Rf8 19. Rf1 Nd7 20. Qe3 Nb6 21. Bb3
Nd5 22. Bxd5 cxd5 23. f5 Rf6 24. Rb1 b6 25. Kd2 Qh2+ 26. Qf2 Qxf2+ 27. Rxf2
gxf5 28. gxf5 Rxf5 29. Rxf5 exf5 30. Re1+ Kf6 31. Re5 Rd8 32. Ke3 g5 33. h4 Rd6
34. Kf3 Rc6 35. Rxd5 Rxc3+ 36. Ke2 Rxc2+ 37. Kd3 Rc6 38. Rd7 a6 39. Rh7 Re6 40.
d5 Re5 41. Kc4 Re4+ 42. Kd3 Rxh4 43. d6 Rh3+ 44. Kc4 Rh1 45. Kd5 Rd1+ 46. Kc6
Rc1+ 47. Kxb6 Rb1+ 48. Kc7 Rc1+ 49. Kd8 Rc6 50. d7 Ke5 51. Ke8 Rc7 52. Re7+ Kf6
53. d8=Q 1-0

[Event "DEM U10/U10w 2004"]
[Site "Willingen GER"]
[Date "2004.05.31"]
[Round "4"]
[White "Bashylin, Seva"]
[Black "Riabov, Igor"]
[Result "0-1"]
[Termination "normal"]
[Board "12"]
[WhiteElo "1143"]
[BlackElo "1353"]
[PlyCount "36"]
[WhiteFideId "24688045"]
[EventCountry "GER"]
[EventRounds "11"]
[EventType "swiss"]
[EventDate "2004.05.29"]

1. e4 e6 2. d4 d5 3. e5 c5 4. Qg4 Ne7 5. Nf3 Nbc6 6. Bd3 Qb6 7. O-O Bd7 8. Nbd2
Ng6 9. Qg3 Be7 10. h4 O-O-O 11. h5 c4 12. Be2 Nxd4 13. hxg6 Nxe2+ 14. Kh1 Nxg3+
15. fxg3 hxg6+ 16. Nh2 Rh7 17. Rxf7 Rxh2+ 18. Kxh2 Rh8# 0-1

[Event "DEM U10/U10w 2004"]
[Site "Willingen GER"]
[Date "2004.05.31"]
[Round "4"]
[White "Schmitz, Stefan"]
[Black "Braun, Georg"]
[Result "1/2-1/2"]
[Termination "normal"]
[Board "13"]
[WhiteElo "1328"]
[BlackElo "1181"]
[PlyCount "122"]
[WhiteFideId "4625730"]
[BlackFideId "24629383"]
[EventCountry "GER"]
[EventRounds "11"]
[EventType "swiss"]
[EventDate "2004.05.29"]

1. e4 e6 2. d4 d5 3. Nc3 Nf6 4. e5 Nfd7 5. Nf3 c5 6. Nb5 Nc6 7. c3 a6 8. Nd6+
Bxd6 9. exd6 e5 10. dxc5 e4 11. Nd4 Nxc5 12. b4 Ne6 13. Qg4 Ncxd4 14. cxd4 Qxd6
15. g3 Qxb4+ 16. Bd2 Qxd4 17. Rc1 Nc5 18. Qh4 O-O 19. Bc3 Nd3+ 20. Bxd3 Qxd3
21. Qg5 d4 22. Bb4 Qf3 23. Bxf8 Qxh1+ 24. Kd2 e3+ 25. fxe3 Qxh2+ 26. Kd3 Qh6
27. Qxh6 gxh6 28. Bxh6 dxe3 29. Kxe3 Be6 30. a3 Rc8 31. Rd1 f6 32. Kf4 Kf7 33.
g4 Rc4+ 34. Kg3 Rxg4+ 35. Kf2 f5 36. Rc1 Rc4 37. Rg1 Rg4 38. Rc1 Kg6 39. Rh1
Bd5 40. Rh3 Bg2 41. Rh2 b5 42. Bd2 Be4 43. Rh6+ Kg7 44. Rxa6 Rg2+ 45. Ke1 Bd3
46. Bc3+ Kf7 47. Rd6 Be4 48. Rb6 Bd3 49. Rd6 Bc4 50. Rf6+ Ke7 51. Rxf5 Re2+ 52.
Kd1 Re3 53. Kd2 Re2+ 54. Kd1 Ra2 55. Rg5 Rxa3 56. Bb4+ Kf6 57. Rc5 Rb3 58. Rc6+
Ke5 59. Bf8 Rd3+ 60. Kc2 Rb3 61. Rh6 b4 1/2-1/2

[Event "DEM U10/U10w 2004"]
[Site "Willingen GER"]
[Date "2004.05.31"]
[Round "4"]
[White "Korman, Jewgenija"]
[Black "Orhan, Eda"]
[Result "1/2-1/2"]
[Termination "normal"]
[Board "14"]
[WhiteElo "1136"]
[BlackElo "1312"]
[PlyCount "39"]
[WhiteFideId "24606669"]
[BlackFideId "24659258"]
[EventCountry "GER"]
[EventRounds "11"]
[EventType "swiss"]
[EventDate "2004.05.29"]

1. e4 c5 2. Nc3 Nc6 3. Nf3 d6 4. Bb5 Bd7 5. Bxc6 Bxc6 6. d3 g6 7. Be3 Bg7 8.
O-O e6 9. Re1 Ne7 10. Rb1 O-O 11. Qd2 b6 12. Rbd1 Qc7 13. d4 Rad8 14. Bh6 Rfe8
15. Bxg7 Kxg7 16. d5 exd5 17. exd5 Bd7 18. Qf4 Bf5 19. Rc1 a6 20. a3 1/2-1/2

[Event "DEM U10/U10w 2004"]
[Site "Willingen GER"]
[Date "2004.05.31"]
[Round "4"]
[White "Zier, Oliver"]
[Black "Döll, Laurin"]
[Result "1-0"]
[Termination "normal"]
[Board "15"]
[WhiteElo "1296"]
[BlackElo "1171"]
[PlyCount "107"]
[WhiteFideId "24631906"]
[EventCountry "GER"]
[EventRounds "11"]
[EventType "swiss"]
[EventDate "2004.05.29"]

1. d4 Nf6 2. c4 e6 3. Nc3 Bb4 4. Bg5 h6 5. Bh4 O-O 6. Nf3 d6 7. e3 Bxc3+ 8.
bxc3 Nbd7 9. Bd3 b6 10. e4 e5 11. O-O c6 12. Rb1 Bb7 13. Qc2 Qc7 14. Rfd1 Nh5
15. Be2 Nf4 16. Bg3 Nxe2+ 17. Qxe2 Rae8 18. Qd3 c5 19. dxe5 Nxe5 20. Qxd6 Qxd6
21. Rxd6 Bxe4 22. Re1 Nxf3+ 23. gxf3 Bxf3 24. Rb1 Re2 25. Ra1 Rfe8 26. h3 Rc2
27. Rd7 Rce2 28. Kf1 Rc2 29. Rxa7 Rxc3 30. Ra6 Be2+ 31. Kg2 Bxc4 32. Rxb6 Rc2
33. a4 Bd5+ 34. Kh2 c4 35. a5 c3 36. a6 Ra2 37. Rxa2 Bxa2 38. a7 Bd5 39. Rb8
Rf8 40. Bd6 c2 41. Rxf8+ Kh7 42. Rc8 g5 43. Rxc2 Be4 44. Be5 Kg6 45. Rc8 f6 46.
Bd6 Bb7 47. Rb8 Be4 48. Kg3 Kf5 49. f3 Bd5 50. Rb5 Ke6 51. Rxd5 Kxd5 52. Bf8
Ke5 53. a8=Q Kf5 54. Qe4# 1-0

[Event "DEM U10/U10w 2004"]
[Site "Willingen GER"]
[Date "2004.05.31"]
[Round "4"]
[White "Liptak, Patrick"]
[Black "Dötterl, Michael"]
[Result "0-1"]
[Termination "normal"]
[Board "16"]
[WhiteElo "1085"]
[BlackElo "1274"]
[PlyCount "86"]
[EventCountry "GER"]
[EventRounds "11"]
[EventType "swiss"]
[EventDate "2004.05.29"]

1. e4 c5 2. Nf3 Nc6 3. d4 cxd4 4. Nxd4 d6 5. Nc3 Nf6 6. Bg5 e6 7. Qd2 Be7 8.
O-O-O Bd7 9. Ndb5 d5 10. Bxf6 Bxf6 11. Nd6+ Kf8 12. Nxb7 Qe7 13. Nb5 Rb8 14.
N7d6 Bg5 15. f4 Bh6 16. g3 g6 17. e5 Bg7 18. h4 f6 19. exf6 Qxf6 20. c3 Qe7 21.
Re1 a6 22. g4 axb5 23. Nxb5 e5 24. Qxd5 Rd8 25. Rh2 Be8 26. Qc4 Qd7 27. Qc5+
Kg8 28. Bc4+ Bf7 29. Bxf7+ Qxf7 30. Rf2 Qd5 31. Qxd5+ Rxd5 32. fxe5 Nxe5 33.
Rxe5 Bxe5 34. a4 Kg7 35. c4 Rc8 36. b3 Rd3 37. Kc2 Rh3 38. Re2 Bf4 39. Re4 Bh2
40. Re2 Bg1 41. Re7+ Kg8 42. Nd6 Rf8 43. c5 Bxc5 0-1

[Event "DEM U10/U10w 2004"]
[Site "Willingen GER"]
[Date "2004.05.31"]
[Round "4"]
[White "Fittkau, Nico"]
[Black "Sancar, Alina"]
[Result "1-0"]
[Termination "normal"]
[Board "18"]
[WhiteElo "1253"]
[BlackElo "992"]
[PlyCount "109"]
[BlackFideId "4624750"]
[EventCountry "GER"]
[EventRounds "11"]
[EventType "swiss"]
[EventDate "2004.05.29"]

1. e4 e5 2. Nf3 Nc6 3. Bc4 Bc5 4. b4 Bxb4 5. c3 Ba5 6. O-O Nf6 7. d4 d6 8. d5
Ne7 9. Qa4+ c6 10. Re1 O-O 11. Bg5 b5 12. Bxb5 cxb5 13. Qxb5 Bd7 14. Qd3 Ne8
15. Nfd2 f6 16. Bh4 Ng6 17. Bg3 Nc7 18. Nf3 Bb5 19. Qc2 Rb8 20. Nbd2 Qd7 21. a4
Ba6 22. Nb3 Bb6 23. a5 Bc5 24. Nxc5 dxc5 25. Red1 Rb7 26. h4 Ne8 27. h5 Ne7 28.
Qd2 Nc8 29. Nh4 Ned6 30. Kh2 Nxe4 31. Qe3 Nxg3 32. Qxg3 Bc4 33. Rac1 Ne7 34.
Rd2 Nxd5 35. Rcd1 Qe6 36. h6 g6 37. a6 Rb6 38. Nxg6 Kf7 39. Nxf8 Kxf8 40. Qg7+
Ke8 41. Qxh7 Qf7 42. Qh8+ Qf8 43. Qxf8+ Kxf8 44. Rxd5 Bxd5 45. Rxd5 Kg8 46.
Rxc5 Kh7 47. Rc7+ Kxh6 48. Rxa7 Rc6 49. Ra8 Kg7 50. a7 Ra6 51. c4 Kg6 52. Rg8+
Kf7 53. a8=Q Rxa8 54. Rxa8 Ke6 55. Rd8 1-0

[Event "DEM U10/U10w 2004"]
[Site "Willingen GER"]
[Date "2004.05.31"]
[Round "4"]
[White "Risius, Philipp"]
[Black "Dauer, Maximilian"]
[Result "1/2-1/2"]
[Termination "normal"]
[Board "20"]
[WhiteElo "1264"]
[BlackElo "1124"]
[PlyCount "122"]
[WhiteFideId "24630330"]
[EventCountry "GER"]
[EventRounds "11"]
[EventType "swiss"]
[EventDate "2004.05.29"]

1. e4 e6 2. d4 d5 3. e5 c5 4. Nf3 Nc6 5. Bb5 Bd7 6. O-O Qb6 7. Bxc6 Bxc6 8. g3
Be7 9. a4 Nh6 10. a5 Qc7 11. Nc3 Nf5 12. Bf4 O-O 13. Ne2 Bb5 14. c3 cxd4 15.
cxd4 Bb4 16. Bd2 Be7 17. b4 Qc4 18. Re1 Bxb4 19. Rc1 Qd3 20. Bxb4 Qxd1 21.
Rcxd1 Rfc8 22. Nc3 Bc4 23. Bc5 h6 24. Nd2 Bd3 25. Nf3 Bc4 26. g4 Nxd4 27. Bxd4
Rc6 28. h3 b6 29. axb6 axb6 30. Ra1 Rb8 31. g5 h5 32. Rab1 Bd3 33. Rb2 Bf5 34.
h4 Rc4 35. Re3 Bg4 36. Rxb6 Rxb6 37. Bxb6 Bxf3 38. Rxf3 Rxh4 39. Be3 d4 40. Rf4
Rxf4 41. Bxf4 dxc3 42. Kf1 Kh7 43. Ke2 Kg6 44. Kd3 Kf5 45. Bg3 Kxg5 46. f3 h4
47. Bh2 f6 48. Kxc3 f5 49. Kd3 Kh5 50. Ke3 g5 51. Bg1 h3 52. f4 g4 53. Bh2 Kg6
54. Kf2 Kf7 55. Ke3 Ke7 56. Kd3 Kd7 57. Kd4 Kc6 58. Kc4 Kb6 59. Bg3 Kc6 60. Kd4
Kb6 61. Kc4 Kc6 1/2-1/2

[Event "DEM U10/U10w 2004"]
[Site "Willingen GER"]
[Date "2004.05.31"]
[Round "4"]
[White "Bluma, Marcel"]
[Black "Stark, Saskia"]
[Result "1/2-1/2"]
[Termination "normal"]
[Board "21"]
[WhiteElo "1173"]
[BlackElo "1226"]
[PlyCount "82"]
[WhiteFideId "1270526"]
[BlackFideId "4601050"]
[EventCountry "GER"]
[EventRounds "11"]
[EventType "swiss"]
[EventDate "2004.05.29"]

1. e4 c5 2. Nf3 e6 3. Nc3 a6 4. d4 cxd4 5. Nxd4 Qc7 6. Be3 Nf6 7. g3 b5 8. Bg2
Bb7 9. O-O d6 10. Bg5 Be7 11. Re1 Nbd7 12. Nf3 O-O 13. Qd3 Nc5 14. Qd1 Ncxe4
15. Bxf6 Nxf6 16. Qd3 Rac8 17. Ng5 Bxg2 18. Kxg2 Qc4 19. Re3 Qxd3 20. Rxd3 h6
21. Nf3 d5 22. Rc1 Ne4 23. Ne2 Bg5 24. Nxg5 Nxg5 25. h4 Ne4 26. Re3 Rc7 27. f3
Nf6 28. g4 Nd7 29. g5 Rfc8 30. c3 h5 31. Nf4 g6 32. Ne2 Nb6 33. b3 b4 34. Kf2
bxc3 35. Rexc3 Rxc3 36. Rxc3 Rxc3 37. Nxc3 Kf8 38. Ke3 Ke7 39. Kd4 Kd6 40. a4
e5+ 41. Kd3 Ke6 1/2-1/2

[Event "DEM U10/U10w 2004"]
[Site "Willingen GER"]
[Date "2004.05.31"]
[Round "4"]
[White "Schulz, Anja"]
[Black "Berchtenbreiter, Maximilian"]
[Result "1/2-1/2"]
[Termination "normal"]
[Board "22"]
[WhiteElo "1166"]
[BlackElo "1214"]
[PlyCount "74"]
[WhiteFideId "24647845"]
[BlackFideId "24641120"]
[EventCountry "GER"]
[EventRounds "11"]
[EventType "swiss"]
[EventDate "2004.05.29"]

1. e4 c5 2. Nf3 e6 3. c3 Nf6 4. e5 Nd5 5. d4 cxd4 6. cxd4 Nc6 7. Nc3 Bb4 8. Bd2
Nxc3 9. Bxc3 d5 10. Bb5 Be7 11. O-O O-O 12. Bd2 Bd7 13. Bd3 Rc8 14. a3 f5 15.
exf6 Bxf6 16. Qb1 h6 17. Be3 Ne7 18. Rc1 Qb6 19. Ne5 Bxe5 20. dxe5 d4 21. Bd2
Bb5 22. Bh7+ Kh8 23. Rxc8 Rxc8 24. Bg6 a5 25. Qe4 Bc6 26. Qg4 Qxb2 27. Rd1 Ba4
28. Rb1 Qxd2 29. h3 Nxg6 30. Qxg6 Rc1+ 31. Rxc1 Qxc1+ 32. Kh2 Qxa3 33. Qxe6 d3
34. Qc8+ Kh7 35. Qf5+ g6 36. Qf7+ Kh8 37. Qf6+ Kh7 1/2-1/2